000 01180nam a2200265Ia 4500
003 OSt
005 20220918110904.0
006 a|||||r|||| 00| 0
007 ta
008 220915b |||||||| |||| 00| 0 hin d
020 _a8181431480 (hbk)
_c8000
024 _a254631
037 _b515, 08/03/2010, Vani Prakashan
_cReference Collections
040 _aARTS
_cARTS
_bhin
041 _2hin
_ahin
082 _aO152,3N273x, P4.1-.9 (RR)
100 _aसक्सेना, सर्वेश्वरदयाल
_910059
245 0 _aसर्वेश्वरदयाल सक्सेना ग्रंथावली
246 _aSarveshvaradayāl saksenā granthāvalī
260 _aनई दिल्ली
_bवाणी प्रकाशन भारत
_c2004
490 _vखंड 1
700 _a जैन, वीरेन्द्र, संपा.
_910060
942 _hO152,3N273x, P4.1-.9 (RR)
_cREF
999 _c115533
_d115533